| 000 | 00742nam a22001937a 4500 | ||
|---|---|---|---|
| 999 |
_c196259 _d196259 |
||
| 005 | 20230608110730.0 | ||
| 010 | _aUR-12041 | ||
| 020 |
_a9789391238988 _c350.00 |
||
| 035 | _aU-10596 | ||
| 037 | _bDBAD/PUB | ||
| 082 | _a840.08 | ||
| 245 |
_aمثل چراغ تھا وہ / _cمربتین - منصور احمد صدیقی اور غلام اشرف قادری |
||
| 246 |
_aMisl-e-charagh tha woh / _bcompiled by Mansoor Ahmad Siddiqui [and] Ghulam Ashraf Quadri |
||
| 260 |
_aNew Delhi _bEducational Publishing House _c2021 ء |
||
| 270 |
_aH.o. D1/16, Ansari Road, Darya Ganj _bNew Delhi _e110002 |
||
| 300 |
_a280 ص _c22cm(Hb) |
||
| 700 | _aقادری , غلام اشرف | ||
| 942 |
_2ddc _cUR _mم ث ل _e _h840.08 |
||